000 01042nmm a2200289 a 4500
001 ocm0002348181
003 TR-IsHL
005 20201028184458.0
008 190509s2010 tu eng
007 cr cn
020 _a1303-5304
035 _a2348181
_b(N$T)
050 0 4 _aDK680
_b.R48 2010
090 0 4 _aDK680
_b.R48 2010
245 1 0 _aReview of Armenian Studies A Quarterly Journal of tıistory, politics and international relations no ; 21. 2010
_h[electronic resource] /
_ceditor Ömer Engin Lütem
260 _aİstanbul :
_bASAM Institute for Armenian Research,
_c2010
300 _a198 p.
650 4 _aTarih
650 4 _aHistory
650 0 _aErmeniler
_x Süreli yayınlar
650 0 _aArmenians
_x Periodicals
650 0 _aErmeni
_x Tarih
_x Süreli yayınlar
650 0 _aArmenia
_x History
_x Periodicals
650 7 _aHISTORY / Middle East / General
_2bisacsh
700 1 _aLütem, Ömer Engin
856 4 0 _uhttp://search.ebscohost.com/login.aspx?direct=true&scope=site&db=e011xww&AN=2348181
999 _c21016
_d21016